[Event "Quebec Montcalm op 3 2012-13"]
[Site "Quebec"]
[Date "2012.11.22"]
[Round "2"]
[White "Boulianne, Gabriel"]
[Black "Martin, Jerome"]
[Result "1-0"]
[WhiteElo "1768"]
[BlackElo "1328"]
[PlyCount "65"]
[EventDate "2012.11.15"]
[EventType "swiss"]
[EventRounds "5"]
[EventCountry "CAN"]
[SourceTitle "EXT 2022"]
[Source "ChessBase"]
[SourceDate "2021.10.06"]
[SourceVersion "1"]
[SourceVersionDate "2021.10.06"]
[SourceQuality "1"]

1. e4 e5 2. Nf3 Nf6 3. Bc4 Bc5 4. d4 Bxd4 5. Nxd4 exd4 6. e5 Qe7 7. 0-0 Ne4 8. Qf3 Ng5 9. Bxg5 Qxg5 10. Qxf7+ Kd8 11. f4 Qe7 12. Nd2 Qxf7 13. Bxf7 Rf8 14. Bh5 g6 15. Bg4 Nc6 16. Nb3 d6 17. Bxc8 Rxc8 18. exd6 cxd6 19. Rad1 a5 20. Rf2 Re8 21. g3 Re4 22. Nd2 Re3 23. Nc4 Re6 24. f5 Rf6 25. Nb6 Rb8 26. g4 h5 27. Nd5 Rf8 28. fxg6 Rxf2 29. Kxf2 Ne5 30. gxh5 Kd7 31. Rxd4 Rf8+ 32. Ke2 Rg8 33. Nf6+ 1-0